000 00820pam a2200265 i 4500
001 15297
003 BD-RjUL
005 20211208235804.0
008 140209r19831978nyua b 001 0 eng
020 _a0070151881
035 _a(BD-RjUL)15351
040 _aDLC
_cDLC
_dDLC
_dBD-RjUL
_beng
041 _aeng
082 0 0 _a658
_bDAM 1983
_223
100 1 _aDale, Ernest,
_d1917-
_947547
245 1 0 _aManagement :
_btheory and practice /
_cErnest Dale.
250 _a4th ed. International Student edition
260 _aNew York :
_bMcGraw-Hill,
_cc1978 [Reprint 1983]..
300 _axii, 656 p. :
_bill. ;
_c25 cm.
490 0 _aMcGraw-Hill series in management
504 _aIncludes bibliographical references and indexes.
650 0 _aIndustrial management.
_947548
942 _2ddc
_cBK
999 _c15297
_d15297